Countries with multiple coastlines - Statistiques

Statistiques générales
  • Ce quiz a été pris 17 fois
  • Le résultat moyen est 14 sur 24
Statistiques - réponses
Hint Réponse % Correct
Americas Canada
100%
Americas United States
100%
Americas Mexico
94%
Americas Panama
88%
Americas Costa Rica
82%
Europe France
82%
Americas Honduras
82%
Europe/Asia Russia
82%
Africa Egypt
76%
Americas Nicaragua
76%
Europe Spain
76%
Americas Guatemala
65%
Americas Colombia
53%
Asia Indonesia
53%
Africa Morocco
53%
Asia Saudi Arabia
53%
Asia Thailand
41%
Europe Germany
35%
Asia Malaysia
35%
Asia North Korea
35%
Asia Israel
29%
Africa Senegal
18%
Asia United Arab Emirates
12%
Europe/Asia Cyprus
6%
Aucun quiz correspondant
Distribution des résultats
% des personnes avec chaque résultat
Percentile par nombre de réponses
Votre historique - résultats
Vous n’avez pas pris ce quiz